La innovación tecnológica en atención al cliente mediante un Sistema de Telemedicina para el Centro Médico Materno Infantil Yolanda María. / (Registro nro. 16164)

Detalles MARC
000 -LEADER
campo de control de longitud fija 01081nam a22002774aa4500
003 - IDENTIFICADOR DE NÚMERO DE CONTROL
campo de control BOFEUTO
005 - FECHA Y HORA DE LA ÚLTIMA TRANSACCIÓN
campo de control 20260512173029.0
008 - DATOS DE LONGITUD FIJA--INFORMACIÓN GENERAL
campo de control de longitud fija 260504t2025 bo gr 000 f spa d
040 ## - FUENTE DE CATALOGACIÓN
Enlace BOFEUTO
Centro catalogador/agencia de origen BOFEUTO
Centro/agencia transcriptor BOFEUTO
041 ## - CÓDIGO DE IDIOMA
Código de lengua del texto/banda sonora o título independiente spa
044 ## - CÓDIGO DEL PAÍS DE LA ENTIDAD EDITORA/PRODUCTORA
Código MARC del país bo
082 ## - NÚMERO DE LA CLASIFICACIÓN DECIMAL DEWEY
Número de clasificación TE6309
Número de ítem P426i
100 ## - ENTRADA PRINCIPAL--NOMBRE DE PERSONA
Nombre de persona Pérez Rocha, Gabriela
Término indicativo de función/relación autor
245 ## - MENCIÓN DEL TÍTULO
Título La innovación tecnológica en atención al cliente mediante un Sistema de Telemedicina para el Centro Médico Materno Infantil Yolanda María. /
Mención de responsabilidad, etc. Gabriela Pérez Rocha, Douglas Guzmán Gutiérrez
260 ## - PUBLICACIÓN, DISTRIBUCIÓN, ETC.
Lugar de publicación, distribución, etc. Oruro :
Nombre del editor, distribuidor, etc. s/n,
Fecha de publicación, distribución, etc. 2025.
300 ## - DESCRIPCIÓN FÍSICA
Extensión 148 hojas ;
Otras características físicas gráf, ilus, ;
Dimensiones 28.5 cm.
500 ## - NOTA GENERAL
Nota general Incluye bibliografía, anexos.
502 ## - NOTA DE TESIS
Nota de tesis Tesis Dirigida, (Licenciatura) -- Universidad Técnica de Oruro, Facultad de Ciencias Económicas, Financieras y Administrativas, Carrera Administración de Empresas, 2025.
650 ## - PUNTO DE ACCESO ADICIONAL DE MATERIA--TÉRMINO DE MATERIA
Término de materia o nombre geográfico como elemento de entrada Innovación Tecnológica
653 ## - TÉRMINO DE INDIZACIÓN--NO CONTROLADO
Término no controlado Atención
653 ## - TÉRMINO DE INDIZACIÓN--NO CONTROLADO
Término no controlado Cliente
653 ## - TÉRMINO DE INDIZACIÓN--NO CONTROLADO
Término no controlado Sistema
653 ## - TÉRMINO DE INDIZACIÓN--NO CONTROLADO
Término no controlado Centro Médico
700 ## - ENTRADA AGREGADA--NOMBRE PERSONAL
Nombre de persona Guzmán Gutiérrez, Douglas
Término indicativo de función/relación tutor
942 ## - ELEMENTOS DE ENTRADA SECUNDARIOS (KOHA)
Fuente del sistema de clasificación o colocación Clasificación Decimal Dewey
Tipo de ítem Koha Tesis
Suprimir en OPAC No
Existencias
Estatus retirado Estado de pérdida Fuente del sistema de clasificación o colocación Estado de daño No para préstamo Biblioteca de origen Biblioteca actual Ubicación en estantería Fecha de adquisición Número de inventario Total de préstamos Signatura topográfica completa Código de barras Visto por última vez Copia número Precio de reemplazo Tipo de ítem Koha
No dañado Disponible Clasificación Decimal Dewey No Dañado Disponible Biblioteca Central Biblioteca Central Tesis 04/05/2026 6309   TE6309/P426i/2025 TE6309 12/05/2026 Ej.1 12/05/2026 Tesis

Biblioteca Central
Dirección: Calle Cochabamba entre 6 de Octubre y Potosí s/n
Teléfono: (591-2)5281707 - 2-52-38450
Contacto: biblioteca.central@gmail.com